000
00290nam a2200121Ia 4500
005
20251222142030.0
008
251222s9999||||xx |||||||||||||| ||spa||
082
_a
305.235/M84
100
_a
Montoya Canchis, Luis
245
0
_a
El lado oscuro de la luna:
264
_b
DESCO
942
_c
LIB
999
_c
10953
_d
10953